<?xml version="1.0" encoding="UTF-8"?>
<record
    xmlns:xsi="http://www.w3.org/2001/XMLSchema-instance"
    xsi:schemaLocation="http://www.loc.gov/MARC21/slim http://www.loc.gov/standards/marcxml/schema/MARC21slim.xsd"
    xmlns="http://www.loc.gov/MARC21/slim">

  <leader>02469cam a2200325 i 4500</leader>
  <controlfield tag="003">SA-RiAUC</controlfield>
  <controlfield tag="005">20250710151424.0</controlfield>
  <controlfield tag="008">250710s1997    xx a   g b    000 0 ara c</controlfield>
  <datafield tag="024" ind1="0" ind2=" ">
    <subfield code="a">00000000734031</subfield>
  </datafield>
  <datafield tag="040" ind1=" " ind2=" ">
    <subfield code="a">SA-JeALM</subfield>
    <subfield code="b">ara</subfield>
    <subfield code="c">SA-RiAUC</subfield>
    <subfield code="d">AE-DuMBRL</subfield>
    <subfield code="e">rda</subfield>
  </datafield>
  <datafield tag="043" ind1=" " ind2=" ">
    <subfield code="a">a-su---</subfield>
  </datafield>
  <datafield tag="082" ind1="0" ind2="4">
    <subfield code="a">953.141</subfield>
    <subfield code="q">SA-RiAUC</subfield>
  </datafield>
  <datafield tag="090" ind1=" " ind2=" ">
    <subfield code="a">953.141</subfield>
    <subfield code="b">&#x632; &#x639; &#x627;</subfield>
  </datafield>
  <datafield tag="100" ind1="1" ind2=" ">
    <subfield code="a">&#x627;&#x644;&#x632;&#x639;&#x627;&#x631;&#x64A;&#x631;&#x60C; &#x645;&#x62D;&#x645;&#x62F; &#x639;&#x628;&#x62F; &#x627;&#x644;&#x644;&#x647;</subfield>
    <subfield code="e">&#x645;&#x624;&#x644;&#x641;.</subfield>
  </datafield>
  <datafield tag="245" ind1="1" ind2="0">
    <subfield code="a">&#x625;&#x645;&#x627;&#x631;&#x629; &#x622;&#x644; &#x631;&#x634;&#x64A;&#x62F; &#x641;&#x64A; &#x62D;&#x627;&#x626;&#x644; /</subfield>
    <subfield code="c">&#x62A;&#x623;&#x644;&#x64A;&#x641; &#x645;&#x62D;&#x645;&#x62F; &#x639;&#x628;&#x62F; &#x627;&#x644;&#x644;&#x647; &#x627;&#x644;&#x632;&#x639;&#x627;&#x631;&#x64A;&#x631;.</subfield>
  </datafield>
  <datafield tag="250" ind1=" " ind2=" ">
    <subfield code="a">&#x627;&#x644;&#x637;&#x628;&#x639;&#x629; &#x627;&#x644;&#x623;&#x648;&#x644;&#x649;.</subfield>
  </datafield>
  <datafield tag="264" ind1=" " ind2="1">
    <subfield code="a">&#x639;&#x645;&#x627;&#x646; . &#x627;&#x644;&#x627;&#x631;&#x62F;&#x646;] :</subfield>
    <subfield code="b">&#x628;&#x64A;&#x633;&#x627;&#x646;&#x60C;</subfield>
    <subfield code="b">&#x645;&#x62D;&#x645;&#x62F; &#x627;&#x644;&#x632;&#x639;&#x627;&#x631;&#x64A;&#x631;.</subfield>
    <subfield code="c">1997.</subfield>
  </datafield>
  <datafield tag="264" ind1=" " ind2="2">
    <subfield code="a">[&#x645;&#x643;&#x627;&#x646; &#x627;&#x644;&#x62A;&#x648;&#x632;&#x64A;&#x639; &#x63A;&#x64A;&#x631; &#x645;&#x62D;&#x62F;&#x62F;] :</subfield>
    <subfield code="b">&#x628;&#x64A;&#x633;&#x627;&#x646; &#x644;&#x644;&#x646;&#x634;&#x631; &#x648;&#x627;&#x644;&#x62A;&#x648;&#x632;&#x64A;&#x639;</subfield>
  </datafield>
  <datafield tag="300" ind1=" " ind2=" ">
    <subfield code="a">263 &#x635;&#x641;&#x62D;&#x629; :</subfield>
    <subfield code="b">&#x625;&#x64A;&#x636;&#x627;&#x62D;&#x64A;&#x627;&#x62A; &#x61B;</subfield>
    <subfield code="c">24 &#x633;&#x645;.</subfield>
  </datafield>
  <datafield tag="336" ind1=" " ind2=" ">
    <subfield code="a">&#x646;&#x635;</subfield>
    <subfield code="b">txt</subfield>
    <subfield code="2">rdacontent</subfield>
    <subfield code="3">&#x643;&#x62A;&#x627;&#x628;</subfield>
  </datafield>
  <datafield tag="337" ind1=" " ind2=" ">
    <subfield code="a">&#x628;&#x62F;&#x648;&#x646; &#x648;&#x633;&#x64A;&#x637;</subfield>
    <subfield code="b">n</subfield>
    <subfield code="2">rdamedia</subfield>
  </datafield>
  <datafield tag="338" ind1=" " ind2=" ">
    <subfield code="a">&#x645;&#x62C;&#x644;&#x62F;</subfield>
    <subfield code="b">nc</subfield>
    <subfield code="2">rdacarrier</subfield>
  </datafield>
  <datafield tag="500" ind1=" " ind2=" ">
    <subfield code="a">&#x645;&#x644;&#x627;&#x62D;&#x642; : &#x635;&#x641;&#x62D;&#x629; 229-246.</subfield>
  </datafield>
  <datafield tag="504" ind1=" " ind2=" ">
    <subfield code="a">&#x628;&#x628;&#x644;&#x64A;&#x648;&#x62C;&#x631;&#x627;&#x641;&#x64A;&#x629; : &#x635;&#x641;&#x62D;&#x629; 247-263.</subfield>
  </datafield>
  <datafield tag="520" ind1=" " ind2=" ">
    <subfield code="a">&#x625;&#x645;&#x627;&#x631;&#x629; &#x634;&#x645;&#x631; &#x623;&#x648; &#x62D;&#x627;&#x626;&#x644; &#x648;&#x623;&#x645;&#x631;&#x627;&#x624;&#x647;&#x627; &#x645;&#x646; &#x622;&#x644; &#x631;&#x634;&#x64A;&#x62F; &#x623;&#x646;&#x627;&#x631;&#x648;&#x627; &#x641;&#x64A; &#x627;&#x644;&#x645;&#x627;&#x636;&#x64A; &#x639;&#x648;&#x627;&#x637;&#x641; &#x623;&#x647;&#x644; &#x62C;&#x646;&#x648;&#x628; &#x627;&#x644;&#x623;&#x631;&#x62F;&#x646; &#x648;&#x634;&#x631;&#x642;&#x647;. &#x648;&#x623;&#x642;&#x627;&#x645; &#x647;&#x624;&#x644;&#x627;&#x621; &#x646;&#x628;&#x637;&#x64A;&#x629; &#x623;&#x637;&#x631;&#x628;&#x62A; &#x627;&#x644;&#x643;&#x62B;&#x64A;&#x631;&#x64A;&#x646;. &#x648;&#x623;&#x62B;&#x627;&#x631; &#x627;&#x644;&#x646;&#x632;&#x627;&#x639; &#x628;&#x64A;&#x646; &#x622;&#x644; &#x631;&#x634;&#x64A;&#x62F; &#x648;&#x622;&#x644; &#x639;&#x644;&#x627;&#x642;&#x627;&#x62A; &#x648;&#x62B;&#x64A;&#x642;&#x629; &#x641;&#x64A;&#x645;&#x627; &#x628;&#x64A;&#x646;&#x647;&#x645; &#x648;&#x62A;&#x628;&#x627;&#x62F;&#x644;&#x648;&#x627; &#x623;&#x63A;&#x627;&#x646;&#x64A; &#x648;&#x623;&#x634;&#x639;&#x627;&#x631;&#x627; &#x633;&#x639;&#x648;&#x62F; &#x631;&#x62F;&#x648;&#x62F; &#x641;&#x639;&#x644; &#x645;&#x62E;&#x62A;&#x644;&#x641;&#x629; &#x641;&#x64A; &#x646;&#x62C;&#x62F; &#x648;&#x62E;&#x627;&#x631;&#x62C;&#x647;&#x627; &#x648;&#x644;&#x627; &#x633;&#x64A;&#x645;&#x627; &#x641;&#x64A; &#x627;&#x644;&#x628;&#x627;&#x62F;&#x64A;&#x629; &#x627;&#x644;&#x623;&#x631;&#x62F;&#x646;&#x64A;&#x629;. &#x641;&#x643;&#x644;&#x627; &#x627;&#x644;&#x639;&#x627;&#x626;&#x644;&#x62A;&#x64A;&#x646; &#x627;&#x644;&#x62D;&#x627;&#x643;&#x645;&#x62A;&#x64A;&#x646; &#x643;&#x627;&#x646;&#x627; &#x645;&#x646; &#x623;&#x62A;&#x628;&#x627;&#x639; &#x627;&#x644;&#x645;&#x630;&#x647;&#x628; &#x627;&#x644;&#x62D;&#x646;&#x628;&#x644;&#x64A; &#x648;&#x645;&#x646; &#x623;&#x646;&#x635;&#x627;&#x631; &#x62D;&#x631;&#x643;&#x629; &#x627;&#x644;&#x634;&#x64A;&#x62E; &#x639;&#x628;&#x62F; &#x627;&#x644;&#x648;&#x647;&#x627;&#x628; &#x648;&#x628;&#x62F;&#x623; &#x622;&#x644; &#x631;&#x634;&#x64A;&#x62F; &#x646;&#x634;&#x627;&#x637;&#x647;&#x645; &#x62A;&#x627;&#x628;&#x639;&#x64A;&#x646; &#x644;&#x622;&#x644; &#x633;&#x639;&#x648;&#x62F; &#x648;&#x622;&#x644; &#x627;&#x644;&#x634;&#x64A;&#x62E; &#x648;&#x642;&#x62F;&#x645;&#x648;&#x627; &#x644;&#x647;&#x645; &#x627;&#x644;&#x62A;&#x623;&#x645;&#x64A;&#x64A;&#x632; &#x648;&#x627;&#x644;&#x648;&#x644;&#x627;&#x621;. &#x648;&#x628;&#x627;&#x62F;&#x644;&#x647;&#x645; &#x622;&#x644; &#x633;&#x639;&#x648;&#x62F; &#x639;&#x648;&#x627;&#x637;&#x641; &#x62F;&#x627;&#x641;&#x626;&#x629; &#x641;&#x64A; &#x641;&#x64A;&#x635;&#x644; &#x628;&#x646; &#x62A;&#x631;&#x643;&#x64A;. &#x648;&#x644;&#x643;&#x646; &#x62A;&#x645;&#x632;&#x642; &#x627;&#x644;&#x62F;&#x648;&#x644;&#x629; &#x627;&#x644;&#x633;&#x639;&#x648;&#x62F;&#x64A;&#x629; &#x628;&#x633;&#x628;&#x628; &#x627;&#x644;&#x62E;&#x644;&#x627;&#x641; &#x628;&#x64A;&#x646; &#x623;&#x628;&#x646;&#x627;&#x621; &#x641;&#x64A;&#x635;&#x644; &#x623;&#x62A;&#x627;&#x62D; &#x644;&#x622;&#x644; &#x631;&#x634;&#x64A;&#x62F; &#x641;&#x631;&#x635;&#x629; &#x627;&#x644;&#x62A;&#x645;&#x62A;&#x639; &#x628;&#x627;&#x644;&#x627;&#x633;&#x62A;&#x642;&#x644;&#x627;&#x644; &#x628;&#x644; &#x648;&#x627;&#x644;&#x62A;&#x648;&#x633;&#x639; &#x639;&#x644;&#x649; &#x62D;&#x633;&#x627;&#x628; &#x648;&#x645;&#x646; &#x627;&#x644;&#x643;&#x648;&#x64A;&#x62A; &#x628;&#x62F;&#x623; &#x639;&#x628;&#x62F; &#x627;&#x644;&#x631;&#x62D;&#x645;&#x646; &#x628;&#x646; &#x641;&#x64A;&#x635;&#x644; &#x645;&#x637;&#x627;&#x644;&#x628;&#x62A;&#x647; &#x628;&#x639;&#x631;&#x634; &#x623;&#x62C;&#x62F;&#x627;&#x62F;&#x647; &#x627;&#x644;&#x630;&#x64A; &#x643;&#x627;&#x646; &#x642;&#x62F; &#x632;&#x627;&#x644;. &#x627;&#x644;&#x62F;&#x648;&#x644;&#x629; &#x627;&#x644;&#x633;&#x639;&#x648;&#x62F;&#x64A;&#x629;. </subfield>
  </datafield>
  <datafield tag="600" ind1="3" ind2="7">
    <subfield code="a">&#x622;&#x644; &#x631;&#x634;&#x64A;&#x62F;</subfield>
    <subfield code="x">&#x62A;&#x627;&#x631;&#x64A;&#x62E;</subfield>
    <subfield code="2">aucnm</subfield>
  </datafield>
  <datafield tag="651" ind1=" " ind2="7">
    <subfield code="a">&#x62D;&#x627;&#x626;&#x644; (&#x627;&#x644;&#x633;&#x639;&#x648;&#x62F;&#x64A;&#x629;)</subfield>
    <subfield code="x">&#x62A;&#x627;&#x631;&#x64A;&#x62E;</subfield>
    <subfield code="2">aucsh</subfield>
  </datafield>
  <datafield tag="942" ind1=" " ind2=" ">
    <subfield code="2">ddc</subfield>
    <subfield code="c">BOOK</subfield>
    <subfield code="n">0</subfield>
  </datafield>
  <datafield tag="949" ind1=" " ind2=" ">
    <subfield code="a">SA-JeALM</subfield>
    <subfield code="d">250710</subfield>
    <subfield code="u">osman123</subfield>
    <subfield code="n">1</subfield>
  </datafield>
  <datafield tag="952" ind1=" " ind2=" ">
    <subfield code="0">0</subfield>
    <subfield code="1">0</subfield>
    <subfield code="2">ddc</subfield>
    <subfield code="4">0</subfield>
    <subfield code="7">0</subfield>
    <subfield code="a">WAHAB</subfield>
    <subfield code="b">WAHAB</subfield>
    <subfield code="d">2025-07-10</subfield>
    <subfield code="l">0</subfield>
    <subfield code="o">953.141 &#x632; &#x639; &#x627;</subfield>
    <subfield code="p">000015846</subfield>
    <subfield code="r">2025-07-10 15:15:35</subfield>
    <subfield code="w">2025-07-10</subfield>
    <subfield code="y">BOOK</subfield>
  </datafield>
  <datafield tag="999" ind1=" " ind2=" ">
    <subfield code="c">9759</subfield>
    <subfield code="d">9759</subfield>
  </datafield>
</record>
